[Event "Lorca op 12th"]
[Site "Lorca"]
[Date "2023.12.28"]
[Round "4"]
[White "Maksimenko, Andrei"]
[Black "Sathvik, Adiga"]
[Result "1/2-1/2"]
[WhiteElo "2423"]
[BlackElo "1866"]
[PlyCount "123"]
[EventDate "2023.12.26"]
[EventType "swiss"]
[EventRounds "9"]
[EventCountry "ESP"]
[SourceTitle "CB01_2024"]
[SourceDate "2024.01.03"]
[SourceVersion "1"]
[SourceVersionDate "2024.01.03"]
[SourceQuality "1"]

1. d4 d5 2. c4 c6 3. Nf3 Nf6 4. Nc3 e6 5. Qb3 dxc4 6. Qxc4 b5 7. Qd3 a6 8. e4 c5 9. dxc5 Qxd3 10. Bxd3 Bxc5 11. e5 Nfd7 12. Be4 Ra7 13. Bf4 Nb6 14. Rc1 N8d7 15. 0-0 0-0 16. Rfd1 b4 17. Ne2 Bb7 18. Bxb7 Rxb7 19. Be3 Rc7 20. a3 a5 21. axb4 axb4 22. Bxc5 Rxc5 23. Nf4 Rfc8 24. Rxc5 Rxc5 25. Kf1 h6 26. Nd3 Rd5 27. Ke2 Nc4 28. b3 Na5 29. Rb1 Rb5 30. Nd4 Rd5 31. Nf3 Nc6 32. h3 Rb5 33. Rc1 Na5 34. Rc7 Nb6 35. Nc5 Nd5 36. Rc8+ Kh7 37. Nd4 Rb6 38. Nd7 Rb7 39. Nf8+ Kg8 40. Nd7+ Kh7 41. Nf8+ Kg8 42. Nfxe6+ Kh7 43. Nf8+ Kg8 44. Nfe6+ Kh7 45. Nf8+ Kg8 46. e6 fxe6 47. Nfxe6+ Kh7 48. Nf8+ Kg8 49. Nfe6+ Kh7 50. Ra8 Nxb3 51. Nf8+ Kg8 52. Nxb3 Re7+ 53. Kd2 Kf7 54. Nd4 Nf4 55. g3 Nxh3 56. f4 Nf2 57. Nc6 Re8 58. Rxe8 Kxe8 59. Ne6 Ne4+ 60. Kd3 Nxg3 61. Nxb4 g5 62. fxg5 1/2-1/2

[Event "POL-chT Ekstraliga"]
[Site "Lublin"]
[Date "2023.09.23"]
[Round "6.2"]
[White "Maksimenko, Andrei"]
[Black "Kantans, Toms"]
[Result "0-1"]
[WhiteElo "2425"]
[BlackElo "2487"]
[PlyCount "92"]
[EventDate "2023.09.18"]
[EventType "team-tourn"]
[EventRounds "9"]
[EventCountry "POL"]
[SourceTitle "EXT 2024"]
[Source "ChessBase"]
[SourceDate "2023.10.10"]
[SourceVersion "1"]
[SourceVersionDate "2023.10.10"]
[SourceQuality "1"]
[WhiteTeam "Dabrowa Gornicza Zaglebie"]
[BlackTeam "Gliwice Akademia Szachowa"]
[WhiteTeamCountry "POL"]
[BlackTeamCountry "POL"]

1. d4 Nf6 2. c4 g6 3. Nc3 d5 4. cxd5 Nxd5 5. e4 Nxc3 6. bxc3 Bg7 7. Bc4 c5 8. Ne2 0-0 9. 0-0 Nc6 10. Be3 b6 11. Qd2 Bb7 12. Rfd1 Rc8 13. Rac1 e6 14. f3 Na5 15. Bd3 cxd4 16. cxd4 Qd7 17. Qb2 Rfd8 18. Bb5 Qe7 19. Rxc8 Rxc8 20. Rc1 Rxc1+ 21. Nxc1 f5 22. exf5 exf5 23. Qc3 Nc6 24. Ne2 Nb4 25. Bc4+ Kh8 26. Nf4 a5 27. a4 Qd7 28. Bb5 Bc6 29. Qc4 Bxb5 30. axb5 g5 31. Ne6 Nd5 32. Nxg7 Nxe3 33. Qc6 Qxc6 34. bxc6 Nd5 35. Nxf5 a4 36. Ne3 a3 37. Nc2 a2 38. Kf2 Kg7 39. Ke2 Kf7 40. Kd2 Ke7 41. g3 Kd6 42. Kc1 Nb4 43. Na1 Nxc6 44. Kb2 Nxd4 45. Kxa2 Nxf3 46. h3 Nd4 0-1

[Event "Newcastle Northumbria Masters GM"]
[Site "Newcastle on Tyne"]
[Date "2023.08.26"]
[Round "5"]
[White "Kanyamarala, Tarun"]
[Black "Maksimenko, Andrei"]
[Result "1/2-1/2"]
[WhiteElo "2344"]
[BlackElo "2428"]
[PlyCount "31"]
[EventDate "2023.08.24"]
[EventType "schev"]
[EventRounds "9"]
[EventCountry "ENG"]
[SourceTitle "EXT 2024"]
[Source "ChessBase"]
[SourceDate "2023.10.10"]
[SourceVersion "1"]
[SourceVersionDate "2023.10.10"]
[SourceQuality "1"]
[WhiteTeam "ENG IMs"]
[BlackTeam "ENG GMs"]
[WhiteTeamCountry "ENG"]
[BlackTeamCountry "ENG"]

1. d4 d5 2. c4 dxc4 3. e3 Nf6 4. Bxc4 e6 5. Nf3 a6 6. 0-0 c5 7. b3 Nbd7 8. Nbd2 Be7 9. Bb2 0-0 10. Rc1 b5 11. Be2 Bb7 12. dxc5 Bxc5 13. Nd4 Rc8 14. Bf3 Qb6 15. Bxb7 Qxb7 16. Qf3 1/2-1/2

[Event "Newcastle Northumbria Masters GM"]
[Site "Newcastle on Tyne"]
[Date "2023.08.24"]
[Round "2"]
[White "Maksimenko, Andrei"]
[Black "Wachinger, Nikolas"]
[Result "1/2-1/2"]
[WhiteElo "2428"]
[BlackElo "2446"]
[PlyCount "46"]
[EventDate "2023.08.24"]
[EventType "schev"]
[EventRounds "9"]
[EventCountry "ENG"]
[SourceTitle "EXT 2024"]
[Source "ChessBase"]
[SourceDate "2023.10.10"]
[SourceVersion "1"]
[SourceVersionDate "2023.10.10"]
[SourceQuality "1"]
[WhiteTeam "ENG GMs"]
[BlackTeam "ENG IMs"]
[WhiteTeamCountry "ENG"]
[BlackTeamCountry "ENG"]

1. d4 Nf6 2. c4 e6 3. Nf3 d5 4. Nc3 Bb4 5. Bg5 h6 6. Bxf6 Qxf6 7. e3 0-0 8. cxd5 exd5 9. Qb3 c5 10. a3 Ba5 11. Qxd5 Qb6 12. Qa2 Be6 13. Qb1 Nc6 14. dxc5 Qxc5 15. Qc1 Rfd8 16. Be2 Rac8 17. 0-0 Bxc3 18. bxc3 Na5 19. Nd4 Nb3 20. Nxb3 Bxb3 21. Rb1 Qxc3 22. Qb2 Qxb2 23. Rxb2 Bd5 1/2-1/2

[Event "Montendre Rapid op"]
[Site "Montendre"]
[Date "2023.02.19"]
[Round "7"]
[White "Bacrot, Etienne"]
[Black "Maksimenko, Andrei"]
[Result "1-0"]
[WhiteElo "2653"]
[BlackElo "2426"]
[PlyCount "73"]
[EventDate "2023.02.19"]
[EventType "swiss (rapid)"]
[EventRounds "9"]
[EventCountry "FRA"]
[SourceTitle "CBM 212 Extra"]
[Source "ChessBase"]
[SourceDate "2023.03.31"]
[SourceVersion "1"]
[SourceVersionDate "2023.03.31"]
[SourceQuality "1"]

1. e4 c5 2. Nf3 e6 3. b3 a6 4. c4 Nc6 5. Bb2 Qc7 6. g3 Nf6 7. e5 Ng4 8. Qe2 d6 9. exd6 Qxd6 10. Bg2 Nf6 11. 0-0 Be7 12. Rd1 Bd7 13. Nc3 0-0 14. Ba3 Qc7 15. Rac1 Rfd8 16. d4 cxd4 17. Bxe7 Nxe7 18. Nxd4 Nc6 19. Nf3 Be8 20. a3 Rxd1+ 21. Rxd1 Rd8 22. b4 Kf8 23. c5 Rxd1+ 24. Qxd1 Ke7 25. Nd4 Nxd4 26. Qxd4 Bc6 27. a4 Qd7 28. Qe5 h6 29. h3 Qd2 30. b5 axb5 31. axb5 Bxg2 32. Kxg2 Kd7 33. b6 Ke7 34. c6 bxc6 35. b7 Nd7 36. Qc7 Qd6 37. b8Q 1-0

[Event "Rochefort op 21st"]
[Site "Rochefort"]
[Date "2023.02.17"]
[Round "9"]
[White "Maksimenko, Andrei"]
[Black "Harsha, Bharathakoti"]
[Result "0-1"]
[WhiteElo "2426"]
[BlackElo "2599"]
[PlyCount "82"]
[EventDate "2023.02.11"]
[EventType "swiss"]
[EventRounds "9"]
[EventCountry "FRA"]
[SourceTitle "CBM 212 Extra"]
[Source "ChessBase"]
[SourceDate "2023.03.31"]
[SourceVersion "1"]
[SourceVersionDate "2023.03.31"]
[SourceQuality "1"]

1. d4 g6 2. c4 Bg7 3. Nc3 d6 4. e4 e5 5. Nf3 Bg4 6. d5 Nd7 7. h3 Bxf3 8. Qxf3 h5 9. h4 Bh6 10. g3 Kf8 11. Bh3 Kg7 12. Bxh6+ Nxh6 13. Qe3 Qe7 14. Qg5 Rhe8 15. 0-0-0 a6 16. Kb1 Rab8 17. f3 Nf6 18. Qe3 c5 19. Rdg1 b5 20. g4 Nhg8 21. Bf1 bxc4 22. Bxc4 Rb4 23. Qd3 Reb8 24. b3 Qc7 25. Ka1 Qa5 26. Nb1 Ne7 27. Rh2 Qc7 28. g5 Nd7 29. Bxa6 c4 30. Bxc4 Nc5 31. Qd1 Qa7 32. Rb2 Nc8 33. Rgg2 Nb6 34. Bf1 Nxd5 35. Qxd5 Rd4 36. Qc6 Nxb3+ 37. Rxb3 Rxb3 38. Bc4 Rb6 39. Qc8 Rb8 40. Qc6 Rb6 41. Qc8 Rd1 0-1

[Event "POL-chT 1st League"]
[Site "Sypniewo"]
[Date "2022.09.09"]
[Round "7.1"]
[White "Szotkowski, Jakub"]
[Black "Maksimenko, Andrei"]
[Result "1/2-1/2"]
[WhiteElo "2342"]
[BlackElo "2424"]
[PlyCount "20"]
[EventDate "2022.09.03"]
[EventType "team-swiss"]
[EventRounds "9"]
[EventCountry "POL"]
[SourceTitle "CBM 210 Extra"]
[Source "ChessBase"]
[SourceDate "2022.11.30"]
[SourceVersion "1"]
[SourceVersionDate "2022.11.30"]
[SourceQuality "1"]
[WhiteTeam "Wroclaw Kopernik"]
[BlackTeam "Dabrowa Gornicza Zaglebie"]
[WhiteTeamCountry "POL"]
[BlackTeamCountry "POL"]

1. d4 d5 2. c4 c6 3. Nf3 Nf6 4. Nc3 dxc4 5. a4 Bf5 6. e3 e6 7. Bxc4 Bb4 8. 0-0 Nbd7 9. Bd3 Bxd3 10. Qxd3 0-0 1/2-1/2

[Event "POL-chT 1st League"]
[Site "Sypniewo"]
[Date "2022.09.08"]
[Round "6.1"]
[White "Maksimenko, Andrei"]
[Black "Koziorowicz, Michal"]
[Result "1-0"]
[WhiteElo "2424"]
[BlackElo "2312"]
[PlyCount "81"]
[EventDate "2022.09.03"]
[EventType "team-swiss"]
[EventRounds "9"]
[EventCountry "POL"]
[SourceTitle "CBM 210 Extra"]
[Source "ChessBase"]
[SourceDate "2022.11.30"]
[SourceVersion "1"]
[SourceVersionDate "2022.11.30"]
[SourceQuality "1"]
[WhiteTeam "Dabrowa Gornicza Zaglebie"]
[BlackTeam "Rybnik"]
[WhiteTeamCountry "POL"]
[BlackTeamCountry "POL"]

1. d4 e6 2. c4 Nf6 3. Nc3 c5 4. d5 exd5 5. cxd5 d6 6. e4 g6 7. f4 Nfd7 8. Nf3 Bg7 9. Be2 0-0 10. 0-0 Re8 11. Nd2 Nf8 12. Kh1 f5 13. exf5 Bxf5 14. Nc4 a6 15. a4 b6 16. Bf3 Ra7 17. g4 Bxc3 18. bxc3 Be4 19. Bxe4 Rxe4 20. Qd3 Rae7 21. Ne5 dxe5 22. Qxe4 exf4 23. Qxf4 Qxd5+ 24. Qf3 Qxf3+ 25. Rxf3 Re1+ 26. Kg2 Nbd7 27. h3 h6 28. Rf1 Re2+ 29. Rf2 Re1 30. Rf1 Re2+ 31. Rf2 Re1 32. Bb2 Re4 33. a5 b5 34. Rd1 Ra4 35. Rd6 Rxa5 36. Bc1 g5 37. Rxh6 Ne5 38. Bxg5 b4 39. cxb4 cxb4 40. Be7 Nfg6 41. Bxb4 1-0

[Event "POL-chT 1st League"]
[Site "Sypniewo"]
[Date "2022.09.06"]
[Round "4.1"]
[White "Maksimenko, Andrei"]
[Black "Poltorak, Sebastian"]
[Result "1-0"]
[WhiteElo "2424"]
[BlackElo "2321"]
[PlyCount "67"]
[EventDate "2022.09.03"]
[EventType "team-swiss"]
[EventRounds "9"]
[EventCountry "POL"]
[SourceTitle "CBM 210 Extra"]
[Source "ChessBase"]
[SourceDate "2022.11.30"]
[SourceVersion "1"]
[SourceVersionDate "2022.11.30"]
[SourceQuality "1"]
[WhiteTeam "Dabrowa Gornicza Zaglebie"]
[BlackTeam "Opole Rodlo"]
[WhiteTeamCountry "POL"]
[BlackTeamCountry "POL"]

1. d4 Nf6 2. c4 g6 3. Nc3 d5 4. cxd5 Nxd5 5. e4 Nxc3 6. bxc3 Bg7 7. Bc4 0-0 8. Ne2 c5 9. 0-0 Nc6 10. Be3 e6 11. Qd2 b6 12. Rad1 Qc7 13. Bh6 Rd8 14. Bxg7 Kxg7 15. d5 Na5 16. Bb5 a6 17. d6 Qb8 18. Ng3 f6 19. e5 axb5 20. exf6+ Kg8 21. f7+ Kxf7 22. Qh6 Kg8 23. Ne4 Qb7 24. Nf6+ Kf7 25. Nxh7 Rg8 26. Rd3 e5 27. Rf3+ Bf5 28. Rxf5+ gxf5 29. Qf6+ Ke8 30. Qe6+ Kd8 31. Qxg8+ Kd7 32. Nf6+ Kxd6 33. Rd1+ Ke7 34. Nd5+ 1-0

[Event "POL-chT 1st League"]
[Site "Sypniewo"]
[Date "2022.09.05"]
[Round "3.2"]
[White "Bartel, Michal"]
[Black "Maksimenko, Andrei"]
[Result "0-1"]
[WhiteElo "2239"]
[BlackElo "2424"]
[PlyCount "110"]
[EventDate "2022.09.03"]
[EventType "team-swiss"]
[EventRounds "9"]
[EventCountry "POL"]
[SourceTitle "CBM 210 Extra"]
[Source "ChessBase"]
[SourceDate "2022.11.30"]
[SourceVersion "1"]
[SourceVersionDate "2022.11.30"]
[SourceQuality "1"]
[WhiteTeam "Wrzos Miedzyborow"]
[BlackTeam "Dabrowa Gornicza Zaglebie"]
[WhiteTeamCountry "POL"]
[BlackTeamCountry "POL"]

1. d4 d5 2. Bf4 c5 3. e3 Nc6 4. c3 Nf6 5. Nd2 Bf5 6. Qb3 Qc8 7. dxc5 e5 8. Bg3 Be6 9. Ngf3 Nd7 10. Qd1 Bxc5 11. Ng5 Bf5 12. Nb3 Be7 13. Nf3 Be6 14. Be2 0-0 15. Rc1 f6 16. c4 dxc4 17. Bxc4 Bxc4 18. Rxc4 Nb6 19. Rc1 Rd8 20. Nfd2 a5 21. a3 a4 22. Na1 Qd7 23. Qe2 Na5 24. Rd1 Rac8 25. 0-0 Qd3 26. Qg4 Qd7 27. Qe2 Qd3 28. Qg4 Qd7 29. Qe2 Qc6 30. Rb1 Rd7 31. Rfd1 Rcd8 32. f3 Nac4 33. Nxc4 Nxc4 34. Rxd7 Rxd7 35. Rc1 b5 36. Be1 Bc5 37. Kh1 e4 38. Nc2 exf3 39. gxf3 Qd5 40. Bc3 Qd3 41. Re1 Bxa3 42. Nxa3 Nxa3 43. bxa3 Qxc3 44. Rb1 Rd3 45. Rd1 Rxd1+ 46. Qxd1 Qxe3 47. Qd5+ Kf8 48. Qd6+ Kf7 49. Kg2 Qe2+ 50. Kg1 Qe1+ 51. Kg2 Qe2+ 52. Kg1 Qxf3 53. Qd7+ Kg6 54. Qxb5 Qe3+ 55. Kh1 Qc1+ 0-1

[Event "Newcastle Northumbria Masters GM"]
[Site "Newcastle on Tyne"]
[Date "2022.08.29"]
[Round "6"]
[White "Maksimenko, Andrei"]
[Black "Grieve, Harry"]
[Result "1/2-1/2"]
[WhiteElo "2424"]
[BlackElo "2390"]
[PlyCount "35"]
[EventDate "2022.08.26"]
[EventType "tourn"]
[EventRounds "9"]
[EventCountry "ENG"]
[EventCategory "6"]
[SourceTitle "CBM 210 Extra"]
[Source "ChessBase"]
[SourceDate "2022.11.30"]
[SourceVersion "1"]
[SourceVersionDate "2022.11.30"]
[SourceQuality "1"]

1. c4 e6 2. g3 d5 3. Bg2 c6 4. Nf3 dxc4 5. 0-0 Nf6 6. a4 Nbd7 7. Qc2 e5 8. Na3 Bxa3 9. Rxa3 0-0 10. Qxc4 a5 11. d4 Nb6 12. Qc2 exd4 13. Qc5 Re8 14. Nxd4 Ne4 15. Bxe4 Rxe4 16. Rd1 Nd5 17. Rad3 Qf8 18. Qxf8+ 1/2-1/2

[Event "Newcastle Northumbria Masters GM"]
[Site "Newcastle on Tyne"]
[Date "2022.08.27"]
[Round "3"]
[White "Maksimenko, Andrei"]
[Black "Han, Yichen"]
[Result "1/2-1/2"]
[WhiteElo "2424"]
[BlackElo "2332"]
[PlyCount "48"]
[EventDate "2022.08.26"]
[EventType "tourn"]
[EventRounds "9"]
[EventCountry "ENG"]
[EventCategory "6"]
[SourceTitle "CBM 210 Extra"]
[Source "ChessBase"]
[SourceDate "2022.11.30"]
[SourceVersion "1"]
[SourceVersionDate "2022.11.30"]
[SourceQuality "1"]

1. d4 d5 2. c4 c6 3. Nf3 Nf6 4. Nc3 e6 5. Bg5 Nbd7 6. e3 Qa5 7. Nd2 Bb4 8. Qc2 0-0 9. Be2 e5 10. 0-0 exd4 11. Nb3 Qb6 12. exd4 Qc7 13. cxd5 cxd5 14. Rac1 Bd6 15. g3 Ne4 16. Be3 Nxc3 17. Qxc3 Qxc3 18. Rxc3 Nf6 19. f3 Bh3 20. Rfc1 Bb4 21. Rc7 Bd6 22. R7c3 Bb4 23. Rc7 Bd6 24. R7c3 Bb4 1/2-1/2

[Event "Newcastle Northumbria Masters GM"]
[Site "Newcastle on Tyne"]
[Date "2022.08.26"]
[Round "1"]
[White "Maksimenko, Andrei"]
[Black "Wadsworth, Matthew J"]
[Result "1/2-1/2"]
[WhiteElo "2424"]
[BlackElo "2418"]
[PlyCount "132"]
[EventDate "2022.08.26"]
[EventType "tourn"]
[EventRounds "9"]
[EventCountry "ENG"]
[EventCategory "6"]
[SourceTitle "CBM 210 Extra"]
[Source "ChessBase"]
[SourceDate "2022.11.30"]
[SourceVersion "1"]
[SourceVersionDate "2022.11.30"]
[SourceQuality "1"]

1. d4 d5 2. c4 c6 3. Nf3 Nf6 4. Nc3 a6 5. c5 Nbd7 6. Bf4 Nh5 7. Bd2 Nhf6 8. Bf4 Nh5 9. Bd2 g6 10. e4 dxe4 11. Nxe4 Ndf6 12. Nxf6+ Nxf6 13. Bc4 Bg7 14. 0-0 0-0 15. Qb3 Nd5 16. Rfe1 Re8 17. h3 e6 18. Bg5 f6 19. Bh4 b5 20. Bf1 Qc7 21. Bg3 Qf7 22. Nd2 Bd7 23. Ne4 Bf8 24. Bd6 Bh6 25. Bh2 Bf8 26. Rad1 g5 27. Nd6 Bxd6 28. Bxd6 h5 29. Qg3 h4 30. Qh2 Kg7 31. f4 gxf4 32. Bxf4 Rh8 33. Re4 Rag8 34. Bd2 f5 35. Ree1 Kf8 36. Bf4 Rg6 37. Be2 Rhg8 38. Bf3 Qg7 39. Kh1 Nf6 40. Be5 Rg3 41. Bxg3 hxg3 42. Qg1 Ng4 43. Bxg4 fxg4 44. Qe3 gxh3 45. Qf4+ Ke8 46. Qb8+ Ke7 47. Qd6+ Kd8 48. Qb8+ Ke7 49. Qd6+ Kd8 50. Rd3 Kc8 51. d5 exd5 52. Re7 hxg2+ 53. Kg1 Qg4 54. Rxg3 Qd4+ 55. Kxg2 Qxb2+ 56. Kg1 Qb1+ 57. Kf2 Rf8+ 58. Rf3 Qb2+ 59. Ke1 Qb1+ 60. Kd2 Qxa2+ 61. Kc1 Qa1+ 62. Kc2 Qa2+ 63. Kc1 Qc4+ 64. Kb1 Qb4+ 65. Kc1 Qc4+ 66. Kb1 Qb4+ 1/2-1/2

[Event "South Wales op 17th"]
[Site "Bridgend"]
[Date "2022.07.07"]
[Round "1"]
[White "Fowler, Hugo"]
[Black "Maksimenko, Andrei"]
[Result "1/2-1/2"]
[WhiteElo "1873"]
[BlackElo "2434"]
[PlyCount "48"]
[EventDate "2022.07.07"]
[EventType "swiss"]
[EventRounds "9"]
[EventCountry "WLS"]
[SourceTitle "CBM 209 Extra"]
[Source "ChessBase"]
[SourceDate "2022.09.30"]
[SourceVersion "1"]
[SourceVersionDate "2022.09.30"]
[SourceQuality "1"]

1. e4 e5 2. Nf3 Nf6 3. Nxe5 Nxe4 4. Qe2 Qe7 5. Qxe4 d6 6. d4 dxe5 7. dxe5 Nc6 8. Nc3 Qxe5 9. Bf4 Qxe4+ 10. Nxe4 Nd4 11. 0-0-0 Ne6 12. Be5 Bd7 13. Bc4 0-0-0 14. Rd2 Bb4 15. c3 Be7 16. Re2 Rde8 17. Rhe1 Rhg8 18. g3 Nd8 19. f4 h6 20. Bd4 Be6 21. Bxe6+ Nxe6 22. Nc5 Bxc5 23. Bxc5 b6 24. f5 bxc5 1/2-1/2

[Event "Bydgoszcz op-A"]
[Site "Bydgoszcz"]
[Date "2022.07.04"]
[Round "10"]
[White "Maksimenko, Andrei"]
[Black "Krasenkow, Michal"]
[Result "1/2-1/2"]
[WhiteElo "2434"]
[BlackElo "2569"]
[PlyCount "24"]
[EventDate "2022.06.25"]
[EventType "swiss"]
[EventRounds "10"]
[EventCountry "POL"]
[SourceTitle "CBM 209 Extra"]
[Source "ChessBase"]
[SourceDate "2022.09.30"]
[SourceVersion "1"]
[SourceVersionDate "2022.09.30"]
[SourceQuality "1"]

1. d4 Nf6 2. c4 g6 3. Nc3 d5 4. cxd5 Nxd5 5. e4 Nxc3 6. bxc3 Bg7 7. Be3 c5 8. Nf3 Qa5 9. Nd2 0-0 10. Nb3 Qxc3+ 11. Bd2 Qb2 12. Bc1 Qc3+ 1/2-1/2

[Event "Bydgoszcz op-A"]
[Site "Bydgoszcz"]
[Date "2022.07.02"]
[Round "8"]
[White "Maksimenko, Andrei"]
[Black "Golubka, Petr"]
[Result "1-0"]
[WhiteElo "2434"]
[BlackElo "2379"]
[PlyCount "101"]
[EventDate "2022.06.25"]
[EventType "swiss"]
[EventRounds "10"]
[EventCountry "POL"]
[SourceTitle "CBM 209 Extra"]
[Source "ChessBase"]
[SourceDate "2022.09.30"]
[SourceVersion "1"]
[SourceVersionDate "2022.09.30"]
[SourceQuality "1"]

1. d4 d5 2. c4 c6 3. Nf3 Nf6 4. Nbd2 Bf5 5. Nh4 Bg6 6. Qb3 Qb6 7. Qh3 Nbd7 8. Nxg6 fxg6 9. e3 e5 10. dxe5 Ne4 11. Bd3 Bb4 12. Bxe4 dxe4 13. 0-0 Qc5 14. Qe6+ Qe7 15. Qxe7+ Kxe7 16. Nxe4 Nxe5 17. a3 Ba5 18. b3 Nd3 19. Rd1 Rhd8 20. Kf1 h6 21. Ke2 Nxc1+ 22. Raxc1 Bc7 23. f4 g5 24. fxg5 hxg5 25. h3 g4 26. hxg4 a5 27. Rxd8 Rxd8 28. Rd1 Rb8 29. a4 b5 30. cxb5 cxb5 31. Nc3 bxa4 32. Nd5+ Kd6 33. Nxc7+ Kxc7 34. bxa4 Rb2+ 35. Rd2 Rb4 36. Rd4 Rb2+ 37. Kf3 Ra2 38. g5 g6 39. g4 Kc6 40. Ke4 Ra3 41. Kf3 Kc5 42. Rf4 Kd5 43. Rf6 Rxa4 44. Rxg6 Kc5 45. Ra6 Kb5 46. g6 Rc4 47. Ra8 Rc7 48. Kf4 a4 49. Kg5 Kb4 50. Kh6 a3 51. g7 1-0

[Event "Bydgoszcz op-A"]
[Site "Bydgoszcz"]
[Date "2022.07.01"]
[Round "7"]
[White "Kosakowski, Jakub"]
[Black "Maksimenko, Andrei"]
[Result "1/2-1/2"]
[WhiteElo "2436"]
[BlackElo "2434"]
[PlyCount "102"]
[EventDate "2022.06.25"]
[EventType "swiss"]
[EventRounds "10"]
[EventCountry "POL"]
[SourceTitle "CBM 209 Extra"]
[Source "ChessBase"]
[SourceDate "2022.09.30"]
[SourceVersion "1"]
[SourceVersionDate "2022.09.30"]
[SourceQuality "1"]

1. e4 e6 2. d4 d5 3. e5 c5 4. c3 Nc6 5. Nf3 Bd7 6. Be2 Nh6 7. Na3 cxd4 8. cxd4 Nf5 9. Nc2 Nb4 10. Bd2 Nxc2+ 11. Qxc2 Qb6 12. Bc3 Bb5 13. 0-0 Bxe2 14. Qxe2 Bb4 15. Rac1 0-0 16. Qd2 Bxc3 17. Rxc3 Rfc8 18. Rfc1 Rxc3 19. Rxc3 h6 20. h3 Ne7 21. Rb3 Qc7 22. Qb4 Qc1+ 23. Kh2 Nc6 24. Qxb7 Rb8 25. Rc3 Rxb7 26. Rxc1 Nb4 27. a3 Nd3 28. Rc8+ Kh7 29. b4 a5 30. bxa5 Ra7 31. Kg3 Rxa5 32. Rc7 Kg8 33. Rc3 Nb2 34. Nd2 Ra4 35. Rb3 Nc4 36. Nxc4 Rxc4 37. Rd3 g5 38. h4 Kg7 39. Kg4 Rc2 40. hxg5 Rxf2 41. gxh6+ Kxh6 42. Kg3 Ra2 43. Kf4 Rf2+ 44. Rf3 Re2 45. Rh3+ Kg7 46. Rg3+ Kf8 47. Kg5 Rd2 48. Rg4 Ke7 49. Kh6 Ra2 50. Rg3 Kf8 51. Kg5 Ra1 1/2-1/2

[Event "Mittelfranken Landesliga Sued 2122"]
[Site "Mittelfranken"]
[Date "2022.04.03"]
[Round "7.2"]
[White "Schwarzmeier, Klaus"]
[Black "Maksimenko, Andrei"]
[Result "0-1"]
[WhiteElo "2149"]
[BlackElo "2451"]
[PlyCount "82"]
[EventDate "2021.10.24"]
[EventType "team-tourn"]
[EventRounds "9"]
[EventCountry "GER"]
[SourceTitle "EXT 2024"]
[Source "ChessBase"]
[SourceDate "2023.10.10"]
[SourceVersion "1"]
[SourceVersionDate "2023.10.10"]
[SourceQuality "1"]
[WhiteTeam "Rottal Inn"]
[BlackTeam "Muenchen Tarrasch"]
[WhiteTeamCountry "GER"]
[BlackTeamCountry "GER"]

1. c4 b6 2. Nf3 Bb7 3. e3 Nf6 4. Nc3 e6 5. Be2 c5 6. 0-0 Be7 7. d4 cxd4 8. Nxd4 a6 9. f3 0-0 10. Kh1 Qc7 11. e4 d6 12. Be3 Nbd7 13. Qd2 Rac8 14. Rfc1 Qb8 15. Bf1 Bd8 16. Bg1 Bc7 17. Qd1 Kh8 18. a4 Rg8 19. a5 bxa5 20. Nb3 Ne5 21. Nxa5 Bxa5 22. Rxa5 Nxc4 23. Ra2 d5 24. b3 Ne5 25. exd5 Nxd5 26. Ne4 Nb4 27. Rd2 Rxc1 28. Qxc1 Bxe4 29. fxe4 h6 30. Qa1 Nbc6 31. Qa4 Qb4 32. Qxb4 Nxb4 33. Rd6 Rb8 34. Ba7 Rc8 35. Kg1 Rc1 36. Kf2 Ng4+ 37. Kg3 Nf6 38. Rd8+ Kh7 39. e5 Rc3+ 40. Kf2 Ng4+ 41. Kg1 Rxb3 0-1

[Event "Mittelfranken Landesliga Sued 2122"]
[Site "Mittelfranken"]
[Date "2021.11.14"]
[Round "2.2"]
[White "Maksimenko, Andrei"]
[Black "Golder, Waldemar"]
[Result "1-0"]
[WhiteElo "2451"]
[BlackElo "2032"]
[PlyCount "43"]
[EventDate "2021.10.24"]
[EventType "team-tourn"]
[EventRounds "9"]
[EventCountry "GER"]
[SourceTitle "EXT 2024"]
[Source "ChessBase"]
[SourceDate "2023.10.10"]
[SourceVersion "1"]
[SourceVersionDate "2023.10.10"]
[SourceQuality "1"]
[WhiteTeam "Muenchen Tarrasch"]
[BlackTeam "Groebenzell II"]
[WhiteTeamCountry "GER"]
[BlackTeamCountry "GER"]

1. d4 d5 2. c4 c6 3. Nf3 Nf6 4. Nbd2 e6 5. g3 Nbd7 6. Bg2 Be7 7. 0-0 0-0 8. Qc2 b6 9. e4 dxe4 10. Nxe4 Nxe4 11. Qxe4 Bb7 12. Rd1 Qc7 13. Bf4 Bd6 14. Bxd6 Qxd6 15. Ne5 Rac8 16. c5 Qe7 17. Nc4 bxc5 18. dxc5 Nxc5 19. Qe3 Rfd8 20. Qa3 Ba6 21. Ne3 Bb5 22. Rdc1 1-0

[Event "POL-chT 1st League"]
[Site "Szklarska Poreba"]
[Date "2021.09.10"]
[Round "7.5"]
[White "Maksimenko, Andrei"]
[Black "Budrewicz, Krzysztof"]
[Result "1/2-1/2"]
[WhiteElo "2460"]
[BlackElo "2188"]
[PlyCount "37"]
[EventDate "2021.09.04"]
[EventType "team-swiss"]
[EventRounds "9"]
[EventCountry "POL"]
[SourceTitle "CBM 204 Extra"]
[Source "ChessBase"]
[SourceDate "2021.11.30"]
[SourceVersion "1"]
[SourceVersionDate "2021.11.30"]
[SourceQuality "1"]
[WhiteTeam "Dabrowa Gornicza Zaglebie"]
[BlackTeam "Gostynin Gostmat 83"]
[WhiteTeamCountry "POL"]
[BlackTeamCountry "POL"]

1. d4 Nf6 2. c4 g6 3. Nc3 Bg7 4. e4 d6 5. Be2 0-0 6. Nf3 e5 7. 0-0 Nc6 8. d5 Ne7 9. b4 Nh5 10. Re1 h6 11. Nd2 Nf4 12. Bf1 a5 13. bxa5 c5 14. a4 Rxa5 15. Ra3 Ra6 16. Nb5 Bd7 17. g3 Nh5 18. Bg2 Be8 19. Bf3 1/2-1/2

[Event "Innsbruck op 4th"]
[Site "Innsbruck"]
[Date "2020.08.25"]
[Round "5"]
[White "Eilenberg, Jonas"]
[Black "Maksimenko, Andrei"]
[Result "1/2-1/2"]
[WhiteElo "2160"]
[BlackElo "2463"]
[PlyCount "49"]
[EventDate "2020.08.22"]
[EventType "swiss"]
[EventRounds "9"]
[EventCountry "AUT"]
[SourceTitle "CBM 198 Extra"]
[Source "ChessBase"]
[SourceDate "2020.11.30"]
[SourceVersion "1"]
[SourceVersionDate "2020.11.30"]
[SourceQuality "1"]

1. d4 f5 2. Nf3 Nf6 3. g3 g6 4. Bg2 Bg7 5. 0-0 0-0 6. b3 Nc6 7. Bb2 Ne4 8. Nbd2 d6 9. c4 Nxd2 10. Qxd2 e5 11. dxe5 dxe5 12. Qd5+ Kh8 13. Qxd8 Rxd8 14. Ng5 Rd2 15. Bc3 Rxe2 16. Bxc6 bxc6 17. Rfd1 Bb7 18. Rdc1 Bf6 19. Kf1 Bxg5 20. Kxe2 Bxc1 21. Bxe5+ Kg8 22. Rxc1 Re8 23. f4 c5 24. Rd1 Bc6 25. Kf2 1/2-1/2